000
00282nam a2200121Ia 4500
008
190216s9999||||xx |||||||||||||| ||und||
100
_a
Gupta S C
245
0
_a
Fundamentals Of Statistics
260
_b
Himalaya Publishing House
300
_a
1163
650
_a
Commerce
942
_c
BK
999
_c
7192
_d
7192